Statystyki dla Top 3 popularne polskie nazwiska według regionu

Kliknij tutaj aby rozwiązać quiz!

Ogólne statystyki

  • Ten quiz został rozwiązany 1 742 razy
  • Średni wynik to 23 z 52

Statystyki odpowiedzi

% Poprawnych
łódzkieKowalski
93%
śląskieKowalski
93%
lubuskieKowalski
93%
dolnośląskieKowalski
93%
mazowieckieKowalski
93%
zachodniopomorskieKowalski
93%
kujawsko-pomorskieKowalski
93%
warmińsko-mazurskieKowalski
93%
łódzkieNowak
92%
podkarpackieNowak
92%
zachodniopomorskieNowak
92%
wielkopolskieNowak
92%
świętokrzyskieNowak
92%
opolskieNowak
92%
dolnośląskieNowak
92%
śląskieNowak
92%
lubuskieNowak
92%
małopolskieNowak
92%
kujawsko-pomorskieLewandowski
47%
kujawsko-pomorskieWiśniewski
42%
pomorskieWiśniewski
42%
warmińsko-mazurskieWiśniewski
42%
zachodniopomorskieWiśniewski
42%
mazowieckieWiśniewski
42%
mazowieckieKowalczyk
36%
łódzkieKowalczyk
36%
śląskieWójcik
25%
małopolskieWójcik
25%
świętokrzyskieWójcik
25%
lubelskieWójcik
25%
kujawsko-pomorskieZieliński
25%
podlaskieDąbrowski
16%
podkarpackieMazur
16%
opolskieMazur
16%
lubelskieMazur
16%
lubuskieSzymański
16%
pomorskieKamiński
15%
wielkopolskieWoźniak
12%
podlaskieKozłowski
11%
warmińsko-mazurskieKozłowski
11%
wielkopolskieWojciechowski
10%
pomorskieWojciechowski
10%
wielkopolskieKaczmarek
8%
lubuskieKaczmarek
8%
małopolskieKról
8%
podkarpackieBaran
7%
małopolskieZając
6%
świętokrzyskieStępień
4%
opolskieWieczorek
4%
lubelskieMazurek
3%
podlaskieZalewski
3%
dolnośląskieTarnowski
1%

Rozkład punktacji

Percentyl według liczby udzielonych odpowiedzi

Procent ludzi z każdym wynikiem

Twoja historia wyników

Nie rozwiązałeś tego quizu